000 00878nam a2200277 a 4500
001 4381168
003 SISC
005 20160204102039.0
008 910322s1991 flu 000 0beng
010 _a 91055233
020 _a0860659968
040 _aDLC
_cDLC
043 _an-us-fl
050 0 0 _aRC 265.6
_b.B923 1992
082 0 0 _aHS 248.32
_bB856 1991
100 1 _aBuckingham, Jamie
_910310
245 1 0 _aSummer of miracles /
_cJamie Buckingham.
260 _aEastbourne :
_bKingsway Publications,
_cc1992.
300 _a320 p. :
_c18 cm.
600 1 0 _aBuckingham, Jamie
_xHealth.
_910311
650 0 _aCancer
_xPatients
_zFlorida
_xBiography.
_910312
906 _a7
_bcbc
_corignew
_d3
_eocip
_f19
_gy-gencatlg
942 _2lcc
_cBK
999 _c8585
_d8585